Generador de electricidad utilizando un motor tipo Stirling solar

সংরক্ষণ করুন:
গ্রন্থ-পঞ্জীর বিবরন
প্রধান লেখক: Flores Soto, Margoth , 1991-
অন্যান্য লেখক: Zeledón Méndez, Peter Bernal, 1976 Director de Proyecto Eléctrico
বিন্যাস: গ্রন্থ
ভাষা:Spanish
প্রকাশিত: [San José], Costa Rica 2015
বিষয়গুলি:
ট্যাগগুলো: ট্যাগ যুক্ত করুন
কোনো ট্যাগ নেই, প্রথমজন হিসাবে ট্যাগ করুন!

MARC

LEADER 00000nam a22000007a 4500
003 012185
005 20230619142455.0
008 150720b2015 cr a|||| |||| 00| ||spa d
040 |c cru CEDI  
100 |9 703  |a Flores Soto, Margoth , 1991- 
245 |a Generador de electricidad utilizando un motor tipo Stirling solar 
260 |a [San José], Costa Rica  |c 2015 
500 |a Proyecto de graduación (bachillerato en ingeniería eléctrica)--Universidad de Costa Rica. Facultad de Ingeniería. Escuela de Ingeniería Eléctrica 
501 |a Profesor guía de IE-0499 Proyecto Eléctrico: Ing. Peter Zeledón Méndez 
650 |x ENERGIA SOLAR   |x GENERACION DE ENERGIA   |x RADIACION SOLAR  |x ENERGIA ELECTRICA   |9 880 
700 |9 702  |a Zeledón Méndez, Peter Bernal, 1976  |d Director de Proyecto Eléctrico 
942 |c CEDI  |h TFG 7350  |6 TFG_7350_000000000000000 
999 |c 13890  |d 13890